| 000 | 00818nam a2200229Ia 4500 | ||
|---|---|---|---|
| 001 | 8470 | ||
| 003 | GE_BSU | ||
| 008 | 181216s||||||||xx |||||||||||||| ||und|| | ||
| 040 | _cGE_BSU | ||
| 080 | _a821.353.1-11+821.353.1-11 | ||
| 100 | _aეული, სანდრო | ||
| 245 | _aრჩეული ლექსები და პოემები. ტ.1. | ||
| 245 | _bტ.1. | ||
| 245 | _cწინასიტყვ. ავტ. მალაქია ტოროშელიძე; ვ. ლურსამიძე. | ||
| 260 | _aთბილისი. | ||
| 260 | _bსახელმწიფო გამ–ბა. | ||
| 260 | _c1930 | ||
| 300 | _a245 გვ; 22 სმ. | ||
| 300 | _bსურ; | ||
| 653 | _aრჩეული ლექსები და პოემები. | ||
| 942 | _cBK | ||
| 999 |
_c41788 _d41788 |
||